Rat Pack Confidential : (Record no. 586553)

MARC details
000 -LEADER
fixed length control field 00484nam a2200193 a 4500
008 - FIXED-LENGTH DATA ELEMENTS--GENERAL INFORMATION
fixed length control field 250911s1999##################000#0#eng##
020 ## - INTERNATIONAL STANDARD BOOK NUMBER
ISBN 9781841150017
082 04 - DEWEY DECIMAL CLASSIFICATION NUMBER
Classification number 791.09227
Item number LEV
100 1# - MAIN ENTRY--AUTHOR NAME
Personal name Levy, Shawn,
245 10 - TITLE STATEMENT
Title Rat Pack Confidential :
260 ## - PUBLICATION, DISTRIBUTION, ETC. (IMPRINT)
Name of publisher HarperCollins UK,
Year of publication 1999.
300 ## - PHYSICAL DESCRIPTION
Number of Pages 390 pages
650 #0 - SUBJECT ADDED ENTRY--TOPICAL TERM
Topical Term Biography & Autobiography.
942 ## - ADDED ENTRY ELEMENTS (KOHA)
Koha item type English Books
Holdings
Withdrawn status Lost status Damaged status Not for loan Home library Current library Shelving location Date acquired Full call number Accession Number Price effective from Koha item type
        Anna Centenary Library Anna Centenary Library 6TH FLOOR, B WING 11.09.2025 791.09227 LEV 485988 11.09.2025 English Books

Find us on the map